Geography Quiz

Random Geography or State Quiz
Score 0/6 Timer 00:30
1 Play Today
State % Correct
Maine
93%
Vermont
91%
New Hampshire
89.8%
Massachusetts
85.1%
Rhode Island
82.3%
Connecticut
81.9%
Remove Ads.
Support Sporcle.
Get the best of Sporcle when you Go Orange. This ad-free experience offers more features, more stats, and more fun while also helping to support Sporcle. Thank you for becoming a member.

You're not logged in!

Compare scores with friends on all Sporcle quizzes.
OR
Log In

Show Comments

Extras

Top Quizzes Today


Score Distribution

Your Account Isn't Verified!

In order to create a playlist on Sporcle, you need to verify the email address you used during registration. Go to your Sporcle Settings to finish the process.

Report this User

Report this user for behavior that violates our Community Guidelines.

Details: